| 000 | 00334nam a2200109Ia 4500 | ||
|---|---|---|---|
| 008 | 180116s9999 xx 000 0 und d | ||
| 020 | _a9789814738279 | ||
| 245 |
_cCurtis D. Klaassen, John B. Walkins III _aCasarett & Doull's Essentials of Toxicology |
||
| 250 | _a3rd ed | ||
| 260 |
_bMcGraw-Hill Education _c2015 |
||
| 300 | _a524 pages | ||
| 999 |
_c353265 _d353265 |
||